| 000 | 00399pam a2200157a 44500 | ||
|---|---|---|---|
| 008 | 230405s2018 xxu||||| |||| 00| 0 eng d | ||
| 020 | _cRs. 650/- | ||
| 082 |
_a610.73 _bSUN |
||
| 100 | _aSuneetha,M. | ||
| 245 | _aManagement of Nursing Services and Education | ||
| 250 | _a2nd Ed. | ||
| 260 |
_aHyderabad _bFrontline Publication _c2018 |
||
| 300 | _a932 p. | ||
| 502 | _atext | ||
| 906 | _a004073 | ||
| 999 |
_c251393 _d251393 |
||